| 000 | 00000nam##2200000za#4500 |
| 001 | 9.572369 |
| 003 | CaOODSP |
| 005 | 20210929082754 |
| 007 | cr ||||||||||| |
| 008 | 150406|2000||||xxc|||||o f|0| 0 eng|d |
| 040 | |aCaOODSP|beng |
| 043 | |an-cn--- |
| 086 | 1 |aFo29-47/16-2000E-PDF |
| 110 | 1 |aCanada. |bNatural Resources Canada. |bCanadian Forest Service. |
| 245 | 10|aManagement of root diseases by stumping and push-falling|h[electronic resource]|c[by] R.N. Sturrock. |
| 260 | |aVictoria - British Columbia : |bNatural Resources Canada. |cApril 2000. |
| 300 | |a8p.|btables, photographs |
| 490 | 1 |aTechnology transfer note|vNo. 16 |
| 500 | |aThe catalogue number (Fo29-47/16-2000E) and ISBN (0-662-28689-8) for the print edition have been incorrectly copied in this electronic publication. |
| 504 | |aBibliography. |
| 590 | |a11-30-Supp|b2011-12-02 |
| 690 | 07|aTrees|2gcpds |
| 690 | 07|aPlant diseases|2gcpds |
| 690 | 07|aFungi|2gcpds |
| 720 | 1 |aSturrock, R. N. |
| 776 | 0#|tManagement of root diseases by stumping, and push-falling|w(CaOODSP)9.615122 |
| 830 | #0|aTechnology transfer note ;|vNo. 16|w(CaOODSP)9.504768 |
| 856 | 40|ahttp://publications.gc.ca|qPDF|s1.54 MB|uhttps://publications.gc.ca/collections/Collection/Fo29-47-16-2000E.pdf|yNo. 16 |